What rate of fertility and extent of migration would be needed for stable population development in the Czech Republic in this century?
Enregistré dans:
| Auteur principal: | |
|---|---|
| Autres auteurs: | |
| Format: | Chapitre de livre |
| Langue: | anglais |
| Sujets: | |
| Tags: |
Pas de tags, Soyez le premier à ajouter un tag!
|
MARC
| LEADER | 00000naa a2200000 4500 | ||
|---|---|---|---|
| 001 | 0165784 | ||
| 005 | 20220715114619.5 | ||
| 041 | 0 | |a eng | |
| 044 | |a CZ | ||
| 245 | 1 | 0 | |a What rate of fertility and extent of migration would be needed for stable population development in the Czech Republic in this century? |c Tomáš Fiala, Jitka Langhamrová |
| 610 | 2 | 0 | |a migrácia |
| 610 | 2 | 0 | |a pôrodnosť |
| 610 | 2 | 0 | |a starnutie populácie |
| 610 | 2 | 0 | |a prognózy demografické |
| 610 | 2 | 0 | |a Česko |
| 100 | 1 | |a Fiala, Tomáš | |
| 700 | 1 | |a Langhamrová, Jitka | |